Entre espadas y basquiñas: tradiciones chilenas

Bewaard in:
Bibliografische gegevens
Hoofdauteur: Arabena Williams, Hermelo (Auteur)
Formaat: Boek
Taal:Spaans
Gepubliceerd in: Santiago Zig-Zag 1946
Reeks:Colección Estrella
Onderwerpen:
Tags: Voeg label toe
Geen labels, Wees de eerste die dit record labelt!

MARC

LEADER 00000nam a2200000 a 4500
001 UCZ0909
003 CL-VaPUC
008 950810e19460000CL |||||||||||||||||spa|d
082 0 4 |a Ch863  |b ARA  |2 21 
100 0 |a Arabena Williams, Hermelo  |e author  |9 344199 
245 1 0 |a Entre espadas y basquiñas: tradiciones chilenas 
300 |a 460 p 
942 |c BK 
945 |d 19950810 00:00:00  |a rbrito 
260 |a Santiago  |b Zig-Zag  |c 1946 
650 0 |a Cuentos chilenos   |9 308280 
650 0 |a Costumbres y tradiciones   |9 268292 
650 0 |a Leyendas chilenas  |9 310059 
650 0 |a Literatura folklórica chilena  |9 344200 
583 |a last modification  |c 19950810 00:00:00  |k Rodrigo Vera 
490 0 |a Colección Estrella 
999 |c 237776  |d 237774 
952 |0 0  |1 0  |4 0  |6 CH_863_000000000000000_ARA_1946  |7 0  |8 A  |9 247463  |a BIBEDU  |b BIBEDU  |d 2019-11-18  |i 3107906  |o Ch863 ARA 1946  |p 3107906  |r 2019-11-18  |w 2019-11-18  |y BK  |k LIT